000 00449nam a2200169 a 4500
001 7589
005 20180713191501.0
008 140415s1985 mx 000 0 spa d
041 _aspa
082 _a711
_bBUL
100 1 _aBULGHERONI, RAUL
245 1 0 _aCIUMANIDAD :
_bDIMENSION HUMANA EN LOS ASENTAMIENTOS URBANOS
250 _a1a ed.
260 _aMEXICO :
_bDIANA,
_c1985
300 _a244
650 1 4 _aDIMENSIONES
_xURBANISMO
999 _c7589
_d7589